MESTSKÁ KNIŽNICA GIRALTOVCE  - online katalóg 

Hlas duše (Record no. 17493)

000 -NÁVESTIE
fixed length control field 00372nam a2200133 a 4500
008 - ÚDAJE S PEVNOU DĹŽKOU – VŠEOBECNÉ INFORMÁCIE
fixed length control field 110217s2003|||| d
020 ## - MEDZINÁRODNÉ ŠTANDARDNÉ ČÍSLO KNIHY (ISBN)
Údaje o dostupnosti 99,42
044 ## - KÓD KRAJINY VYDAVATEĽA/PRODUCENTA
Kód krajiny MARC xo
Kód krajiny ISO SK
041 ## - KÓD JAZYKA
Kód jazyka textu/zvukovej stopy alebo samostatných nápisov slo
100 1# - OSOBNÉ MENÁ – VŠEOBECNÉ INFORMÁCIE
Osobné meno Cayce, Edgar
245 10 - NÁZOV
Názov Hlas duše
Zvyšok názvu Nejznámější výklady nejslavnějšího amerického senzibila
260 ## - VYDAVATEĽSKÉ ÚDAJE, DISTRIBÚCIA ATĎ.
Názov vydavateľa, distibútora atď. Eko-konzult
Miesto publikovania, distribúcie atď. Bratislava
Dátum publikovania, distribúcie atď. 2003
700 1# - PRIDANÝ VSTUP – OSOBNÉ MENO
Osobné meno Thurson, M. A.
Holdings
Stav stiahnutia (Blokovanie) (Withrawn status) Stav straty Zdroj klasifikácie pre skladovanie Stav poškodenia (Damaged status) Nie pre výpožičky (Not for loan) Spôsob nadobudnutia (Collection code) Trvalé umiestnenie Aktuálne umiestnenie Dátum nadobudnutia Náklady, bežná kúpna cena Inventárne číslo (prírastkové číslo) Celkom výpožičky Full call number Čiarový kód Dátum posledného výskytu Dátum poslednej výpôžičky Cena s účinnosťou od Typ jednotky Koha
          Kúpa Mestská knižnica Giraltovce Mestská knižnica Giraltovce 2019-11-29 99.42 16326 1 I0623 I0623 2022-01-07 2021-11-12 2019-11-29 Odborná literatúra pre dospelých

Powered by Koha